[Event "TH-S-0093"]
[Site "IECC email"]
[Date "2005.01.19"]
[Round "?"]
[White "Leenders, Chris"]
[Black "Dominguez, Pablo"]
[Result "1-0"]
[WhiteElo "1893"]
[BlackElo "1927"]
[PlyCount "39"]
[EventDate "2005.??.??"]
[EventType "tourn (corr)"]
[SourceTitle "Corr 2020"]
[Source "ChessBase"]
[SourceDate "2019.09.30"]
[SourceVersion "1"]
[SourceVersionDate "2019.09.30"]
[SourceQuality "1"]
[WhiteTeam "Netherlands"]
[BlackTeam "Spain"]
[WhiteTeamCountry "NED"]
[BlackTeamCountry "ESP"]

1. d4 d5 2. c4 c6 3. Nf3 Nf6 4. Nc3 dxc4 5. a4 Bf5 6. e3 e6 7. Bxc4 Bb4 8. 0-0 Nbd7 9. Qe2 Bg6 10. e4 Bxc3 11. bxc3 Nxe4 12. Ba3 Qc7 13. Rfc1 0-0-0 14. a5 Rhe8 15. Qb2 e5 16. Qb3 exd4 17. cxd4 Ndf6 18. a6 Nd6 19. Bxd6 Rxd6 20. axb7+ 1-0

[Event "IECC TH-M-2514"]
[Site "IECC email"]
[Date "2005.01.14"]
[Round "?"]
[White "Dominguez, Pablo"]
[Black "Canizares Cuadra, Pedro"]
[Result "0-1"]
[WhiteElo "1905"]
[BlackElo "2164"]
[PlyCount "114"]
[EventDate "2005.??.??"]
[EventType "tourn (corr)"]
[SourceTitle "Corr 2020"]
[Source "ChessBase"]
[SourceDate "2019.09.30"]
[SourceVersion "1"]
[SourceVersionDate "2019.09.30"]
[SourceQuality "1"]
[WhiteTeam "Spain"]
[BlackTeam "Spain"]
[WhiteTeamCountry "ESP"]
[BlackTeamCountry "ESP"]

1. e4 d5 2. exd5 Qxd5 3. Nc3 Qa5 4. Nf3 Nf6 5. h3 Bf5 6. Bc4 e6 7. 0-0 c6 8. d3 Nbd7 9. Re1 Be7 10. Bf4 0-0 11. Qd2 Qd8 12. d4 Nb6 13. Bd3 Bxd3 14. Qxd3 Nbd5 15. Bh2 h6 16. Ne4 Nxe4 17. Qxe4 Nf6 18. Qe2 Qa5 19. a3 Rad8 20. Rad1 c5 21. c4 cxd4 22. Nxd4 Rd7 23. Nb5 Rfd8 24. Rxd7 Rxd7 25. Rd1 Qa4 26. Rxd7 Nxd7 27. Bf4 Nb6 28. Qf3 Qxc4 29. Qxb7 Qxf4 30. Qxe7 Qc1+ 31. Kh2 Qxb2 32. Qd8+ Kh7 33. Qd3+ f5 34. Nd4 Qa2 35. Qe3 Qd5 36. Nf3 Qd6+ 37. g3 a6 38. Ne5 Nd5 39. Nc4 Nxe3 40. Nxd6 Nd5 41. Kg2 Kg6 42. f4 Kf6 43. Nc4 g5 44. Kf3 h5 45. fxg5+ Kxg5 46. Ne5 h4 47. Nd7 a5 48. Ne5 hxg3 49. Kxg3 Nb6 50. Nd3 Nc4 51. a4 e5 52. h4+ Kh5 53. Nc5 f4+ 54. Kh3 Nb6 55. Nb3 e4 56. Nc5 e3 57. Nd3 f3 0-1